Autopsia clínica desde el contexto etnográfico /
Na minha lista:
| Autor principal: | |
|---|---|
| Formato: | Recurso Eletrônico livro eletrônico |
| Idioma: | espanhol |
| Publicado em: |
Popayán, Colombia :
Editorial Universidad del Cauca,
2023.
|
| Edição: | Primera edición en español. |
| Assuntos: | |
| Acesso em linha: | Digitalia Hispánica |
| Tags: |
Adicionar Tag
Sem tags, seja o primeiro a adicionar uma tag!
|
MARC
| LEADER | 00000nam a2200000Ii 4500 | ||
|---|---|---|---|
| 001 | DIGUCAUCA0164 | ||
| 003 | NyNyDIG | ||
| 006 | m o d | ||
| 007 | cr ||||||||||| | ||
| 008 | 250611s2023 ck a ob 001 0 spa d | ||
| 035 | |a (OCoLC)1517039772 | ||
| 040 | |a DGITA |b eng |e rda |e pn |c DGITA | ||
| 020 | |a 9789587326062 |q digital | ||
| 020 | |z 9789587326048 |q impreso | ||
| 050 | 1 | 4 | |a RA1063 ebook |
| 100 | 1 | |a Álvarez Soler, Jaime Antonio, |e author. | |
| 245 | 1 | 0 | |a Autopsia clínica desde el contexto etnográfico / |c Jaime Antonio Álvarez Soler. |
| 250 | |a Primera edición en español. | ||
| 264 | 1 | |a Popayán, Colombia : |b Editorial Universidad del Cauca, |c 2023. | |
| 300 | |a 1 online resource : |b illustrations. | ||
| 336 | |a text |b txt |2 rdacontent | ||
| 337 | |a computer |b c |2 rdamedia | ||
| 338 | |a online resource |b cr |2 rdacarrier | ||
| 347 | |a text file |2 rdaft | ||
| 347 | |b PDF | ||
| 504 | |a Includes bibliographical references and index. | ||
| 588 | 0 | |a Online resource; title from PDF title page (Digitalia, viewed June 11, 2025) | |
| 650 | 0 | |a Autopsy |v Handbooks, manuals, etc. | |
| 650 | 0 | |a Death |x Social aspects. | |
| 776 | 0 | 8 | |i Print version: |a Álvarez Soler, Jaime Antonio. |t Autopsia clínica desde el contexto etnográfico. |b Primera edición en español. |d Popayán, Colombia : Editorial Universidad del Cauca, 2023 |z 9789587326048 |
| 791 | 2 | |a Digitalia (Firm), |e distributor. | |
| 793 | 0 | |g Digitalia eBook Collection: |a Editorial Universidad del Cauca | |
| 856 | 4 | 0 | |3 Digitalia Hispánica |u https://digitalia.unach.elogim.com/a/173788/ |
| 910 | |a Premium collection: 2025 | ||